000 00919nam a22002897a 4500
003 DO-SdBNP
005 20171109102732.0
008 151120b 1996 sp xxu||||| |||| 00| 0 spa d
040 _aBPMSU
_bspa
_cBPMSU
082 _a333.7
_bE19
092 _a
245 0 0 _aEcología y medio ambiente: guía de apoyo al estudiante /
_ccoordinación de textos José Tola
260 _aMadrid :
_bGrupo Libro,
_c1996.
300 _a2 v. :
_bil. ;
_c26 cm.
500 _aGuia de apoyo al estudiante.
505 _gv. 1
_tPanorama ecológico mundial -- El ecosistema --
_gv. 2
_tEl ecosistema urbano -- La biosfera.
650 _aECOLOGÍA
650 _aMEDIO AMBIENTE
650 _aBIOSFERA
650 _aECOLOGÍA HUMANA
650 _aDIVERSIDAD ECOLÓGICA
700 1 2 _aTola, Josep
_ecoord.
910 _a00260
942 _2ddc
_cBK
945 _aInventariado, 2017/MFF
956 _aLorenza Pérez
_b10
999 _c8847
_d8847